000
00305nam a2200121Ia 4500
005
20251222144853.0
008
251222s9999||||xx |||||||||||||| ||spa||
082
_a
726.185/T72
100
_a
Tord, Luis Enrique
245
0
_a
Templos Coloniales del Colca-Arequipa
264
_b
Papelera Atlas
942
_c
LIB
999
_c
21681
_d
21681